Két miniszter a nemzetközi autóút jövőheti megnyitásán

Elmentve itt :
Bibliográfiai részletek
Dokumentumtípus: Cikk
Megjelent: 1935-11-17
Sorozat:Délmagyarország 11 No. 257
Kulcsszavak:Winckhler István, Fabinyi Tihamér, Útépítés Szeged
Online Access:http://dmarchiv.bibl.u-szeged.hu/49042
LEADER 00474nab a2200145 i 4500
001 delm49042
005 20180927134851.0
008 180927s1935 hu o 0|| hun d
040 |a SZTE Délmagyarország Archívum  |b hun 
041 |a hun 
245 0 0 |a Két miniszter a nemzetközi autóút jövőheti megnyitásán  |h [elektronikus dokumentum] 
260 |c 1935-11-17 
300 |a 3 
490 0 |a Délmagyarország  |v 11 No. 257 
695 |a Winckhler István, Fabinyi Tihamér, Útépítés Szeged